000 00606nam a2200229Ia 4500
003 OSt
005 20220916111105.0
006 a|||||r|||| 00| 0
007 ta
008 220915b |||||||| |||| 00| 0 eng d
024 _a249319
037 _cTextbook
040 _beng
_aARTS
_cARTS
041 _aeng
082 _aO111:gz7, K4
100 _aKostelanetz Richard
245 0 _aOn contemporary literature
260 _aPlainview
_bBooks For Libraries Press
650 _aENGLISH LITERATURE
942 _hO111:gz7, K4
_cTB
_2CC
999 _c105323
_d105323